Relaciones inter-étnicas en el sur bonaerense 1810-1830 /

Guardado en:
Formato: Libro
Publicado: Bahía Blanca : Universidad Nacional del Sur. Departamento de Humanidades, 1998
Materias:
Etiquetas: Agregar Etiqueta
Sin Etiquetas, Sea el primero en etiquetar este registro!
LEADER 01198nam a22001815a 4500
001 CEM.cems010716
005 20080407123824.0
008 130507s1998##################000#0#####d
003 CEMS
020 |a 9879281012 
082 0 4 |a 982.103 
245 0 0 |a Relaciones inter-étnicas en el sur bonaerense 1810-1830 /  |c Daniel Villar, Juan Francisco Jimenez, Silvia Ratto 
260 |a Bahía Blanca :  |b Universidad Nacional del Sur. Departamento de Humanidades,  |c 1998 
300 |a 287 p. 
505 0 |a Relaciones inter-étnicas en el sur bonaerense, 1810-1830. Indígenas y criollos en la conformación del espacio fronterizo / Silvia Ratto -- De malares y armas de fuego. Guerras intra-étnicas y transformaciones en la tecnología bélica en Araucanía y las Pampas 1818-1830 / Juan Francisco Jimenez -- Ni salvajes, ni aturdidos. La guerra de los indios comarcanos (y extracomarcanos) contra la Vanguardia de Pincheira, a través del Diario del Cantón de Bahía Blanca / Daniel Villar -- Diario del Cantón de Bahía Blanca y Fortalieza de la Guardia Argentina. Agosto-diciembre de 1830 
653 |a Historia 
653 |a Bahía blanca-historia 
859 |a CEMS  |b BIB. CEMS - 11 de abril  |h 982.103  |i V713  |p 21353.01  |t Ej.1